The river between?
Đã lưu trong:
| 主要作者: | |
|---|---|
| 格式: | 图书 |
| 语言: | Undetermined |
| 出版: |
London
Heimann
1965
|
| 标签: |
添加标签
没有标签, 成为第一个标记此记录!
|
| Thư viện lưu trữ: | Trung tâm Học liệu Trường Đại học Cần Thơ |
|---|
| LEADER | 00396nam a2200157Ia 4500 | ||
|---|---|---|---|
| 001 | CTU_32405 | ||
| 008 | 210402s9999 xx 000 0 und d | ||
| 082 | |a 896 | ||
| 082 | |b T444 | ||
| 100 | |a Ngugi wa Thiong'o | ||
| 245 | 4 | |a The river between? | |
| 245 | 0 | |c Ngugi wa Thiong'o | |
| 260 | |a London | ||
| 260 | |b Heimann | ||
| 260 | |c 1965 | ||
| 980 | |a Trung tâm Học liệu Trường Đại học Cần Thơ | ||